Eine völkerrechtliche Analyse

Titel: Eine völkerrechtliche Analyse / von Otto Kimminich
Verfasser:
Veröffentlicht: Hamburg : Hansischer Gildenverlag Heitmann, 1972
Umfang: VI, 118 S.
Format: Buch
Sprache: Deutsch
Schriftenreihe/
mehrbändiges Werk:
Der Moskauer Vertrag vom 12. August 1970 / Otto Kimminich ; 1
alle Bände anzeigen
Schlagworte:
Kein Bild verfügbar
X
Lokale Klassifikation: 41 12 H ; 41 7 O ; 3 7 H ; 3 7 O
alg: 7463671
001A    $06000:29-06-99 
001B    $01999:12-05-23 $t22:16:21.000 
001C    $06002:28-02-06 $t23:04:34.000 
001D    $00026:03-12-02 
001U    $0utf8 
001X    $00 
002@    $0AFr 
003@    $0074636715 
003O    $0174469985 $aOCoLC 
004A    $fkart. : DM 14.80 
006G    $0720135087 
006L    $0720135087 $2DNB 
006U    $072,A34,0031 
007A    $0720135087 $aDNB 
010@    $ager 
011@    $a1972 $n1972 
015@    $00 
021A    $aEine @völkerrechtliche Analyse $hvon Otto Kimminich 
028A    $#Kimminich, Otto $#Kimminich, O. $7120903431 $8Kimminich, Otto$Z1932-1997 [Tp1] $9092868754 
033A    $pHamburg $nHansischer Gildenverlag Heitmann 
034D    $aVI, 118 S. 
036C    $aDer @Moskauer Vertrag vom 12. August 1970 $x11 $hOtto Kimminich $l1 
036D    $x11 $8Der @Moskauer Vertrag vom 12. August 1970 / Otto Kimminich $9108507459 
044F    $aOstvertrag 
044K    $#Deutsch-sowjetischer Vertrag $#1970 August 12 $74074992-7 $8$aMoskauer Vertrag$f1970 August 12 [Tu1] $9085211370 
045E    $b04a 
045F    $a340.09 $eDDC23BSB 
045F/01 $a340.09 
045F/03 $g471 
045G    $a900.94710904 $eDDC23BSB 
045G/01 $a900 
045G/03 $f0904 
045G/03 $f09033 
045G/03 $g471 
045G/03 $g43 

lok: 7463671 15

exp: 7463671 15 1 #EPN
201B/01 $020-01-05 $t10:51:03.000 
201C/01 $020-01-05 
203@/01 $0224057111 
208@/01 $a20-01-05 $bz 
209A/01 $a-Mag- D 4096 $du $f100 $h-MAG- D 4096 $x00 
209C/01 $aSTB G 77/0505 $hSTB G 77 0505 
209G/01 $a02102986 $x00 
247C/01 $8655100-2 <123>Worms, Stadtbibliothek Worms $9102600732 
201U/01 $0utf8 

lok: 7463671 24
101B    $020-02-06 $t11:35:38.000 
101C    $020-02-06 
145Z/01 $a41 12 H 
145Z/02 $a41 7 O 
145Z/03 $a3 7 H 
145Z/04 $a3 7 O 
101U    $0utf8 

exp: 7463671 24 1 #EPN
201B/01 $020-02-06 $t11:35:38.000 
201C/01 $020-02-06 
203@/01 $0356817601 
208@/01 $a20-02-06 $br 
209A/01 $a41 XII H 10 $du $f050 $h41 12 H 10 $x00 
209C/01 $a4030 K 72 $h72 4030 K 
209G/01 $a71074269 $x00 
220C/01 $amue 
247C/01 $8358050-7 Marburg, Bibliothek des Herder-Instituts Marburg $9102600961 
201U/01 $0utf8 

lok: 7463671 25

exp: 7463671 25 1 #EPN
201B/01 $017-11-08 $t13:26:32.000 
201C/01 $019-04-08 
201U/01 $0utf8 
203@/01 $0542689626 
206W/01 $0054-0037 
208@/01 $a19-04-08 $brum 
209A/01 $aAO 3677 $du $f000 $x00 
209C/01 $a72 K 3973 
209G/01 $a40311006 $x00 
209G/01 $aMAG $x01 
247C/01 $8651000-0 <77>Mainz, Universität Mainz, Zentralbibliothek $9102599602 

lok: 7463671 204

exp: 7463671 204 1 #EPN
201B/01 $019-10-15 $t16:43:50.000 
201C/01 $028-11-02 
201U/01 $0utf8 
203@/01 $0178293644 
208@/01 $a03-12-02 $bml01 
209A/01 $a82 Ale 1972 $du $e2 $f010 $h010 82 ale 1972 $x00 
209C/01 $a831/72 (1) $h010 831 72 
209C/01 $a276/74 (2) $h010 276/74 
245Z/01 $a82 Ale $x01 
247C/01 $8631010-2 <26/010>Gießen, Universität Gießen, Zweigbibliothek Recht und Wirtschaft $9102596751 

lok: 7463671 205

exp: 7463671 205 1 #EPN
201B/01 $006-03-26 $t20:42:02.000 
201C/01 $030-06-16 
201U/01 $0utf8 
203@/01 $0777092808 
208@/01 $a30-06-16 $br 
209A/01 $aKM 60578 $db $f301 $x00 
209B/01 $a98 $x05 
209C/01 $aVR 6882 
209G/01 $a64439022 $x00 
247C/01 $8351301-4 <4/301>Marburg, Universität Marburg, Bibliothek Rechtswissenschaften, Juristisches Seminar $9102595119
LEADER 00000cam a22000002cb4500
001 074636715
003 DE-603
005 20230512221621.0
007 tu
008 990629s1972 xx |||| | u00||u|ger
015 |a 72,A34,0031  |2 dnb 
016 7 |2 DE-101  |a 720135087 
035 |a (DE-599)DNB720135087 
035 |a (DE-101)720135087 
035 |a (OCoLC)174469985 
040 |a DE-603  |b ger  |c DE-603  |d DE-603 
041 |a ger 
082 0 4 |8 1\u  |a 340.09  |q DE-101  |2 23/BSB 
083 0 |8 2\u  |a 900.94710904  |q DE-101  |2 23/BSB 
084 |a 04a  |q DE-101  |2 sdnb 
085 |8 1\u  |b 340.09 
085 |8 1\u  |z 2  |s 471 
085 |8 2\u  |b 900 
085 |8 2\u  |z 1  |s 0904 
085 |8 2\u  |z 1  |s 09033 
085 |8 2\u  |z 2  |s 471 
085 |8 2\u  |z 2  |s 43 
100 1 |a Kimminich, Otto  |d 1932-1997  |0 (DE-603)092868754  |0 (DE-588)120903431  |2 gnd 
245 0 0 |a ˜Eineœ völkerrechtliche Analyse  |c von Otto Kimminich 
264 1 |a Hamburg  |b Hansischer Gildenverlag Heitmann  |c 1972 
300 |a VI, 118 S. 
490 1 |a ˜Derœ Moskauer Vertrag vom 12. August 1970 / Otto Kimminich  |v 1 
630 0 7 |a Moskauer Vertrag  |f 1970 August 12  |0 (DE-588)4074992-7  |0 (DE-603)085211370  |2 gnd 
650 7 |a Ostvertrag  |2 local 
800 1 |a Kimminich, Otto  |d 1932-1997  |t ˜Derœ Moskauer Vertrag vom 12. August 1970  |v 1  |w (DE-603)108507459  |9 11  |7 am 
924 0 |9 123  |a (DE-603)224057111  |b DE-123  |c HES  |d c  |g -Mag- D 4096 
924 0 |9 Mb 50  |a (DE-603)356817601  |b DE-Mb50  |c HES  |d c  |g 41 XII H 10 
924 0 |9 77  |a (DE-603)542689626  |b DE-77  |c HES  |d c  |g AO 3677  |h MAG 
924 0 |9 26/010  |a (DE-603)178293644  |b DE-26-010  |c HES  |d c  |g 82 Ale 1972 
924 0 |9 4/301  |a (DE-603)777092808  |b DE-4-301  |c HES  |d d  |g KM 60578